[Event "Baltic Zonal 2017"]
[Site "Liepaja"]
[Date "2017.06.21"]
[Round "8"]
[White "Klabis, Rokas"]
[Black "Vaicekauskas, Gytis"]
[Result "1/2-1/2"]
[WhiteElo "2348"]
[BlackElo "2207"]
[Annotator "TA"]
[PlyCount "106"]
[EventDate "2017.??.??"]
[EventType "swiss"]
[EventCountry "LAT"]
[SourceTitle "playchess.com"]
[Source "ChessBase"]
[SourceQuality "1"]

{[%evp 18,106,17,8,22,-15,-10,-17,-17,-48,-6,-30,-30,-30,-37,-26,0,0,0,0,0,-25,7,6,7,0,20,0,0,0,0,0,0,0,0,0,0,0,0,0,0,2,16,18,11,15,22,0,10,0,0,-7,0,0,0,0,0,0,0,0,0,0,0,0,0,0,0,0,0,0,0,-8,0,0,0,0,0,0,0,0,0,0,0,0,0,0,0,0,0,0,0]} 1. e4 e5 2. Bc4 Bc5 3. d3 Nc6 4. Nf3 Nf6 5. O-O O-O 6. Nc3 d6 7. h3 h6 8. Na4 Bb6 9. Nxb6 axb6 10. a3 Be6 {C50: Hungarian Defence and Giuoco Pianissimo} 11. Re1 (11. Bxe6 fxe6 12. Re1 Qd7 13. d4 exd4 14. Nxd4 Nxd4 15. Qxd4 e5 16. Qc4+ Kh8 17. Be3 Ra4 18. b4 Rfa8 19. Bc1 b5 {0-1 (53) Shyam,S (2468)-Efimenko,Z (2648) Dubai 2014}) 11... Bxc4 12. dxc4 Nd7 13. g3 Qf6 $146 ({Predecessor:} 13... f5 14. Qd5+ Rf7 15. exf5 Ne7 16. Qe4 Nc5 17. Qe2 Nxf5 18. Be3 {0-1 (50) Hussein,H (2284)-Lilov,V (2434) Albena 2013}) 14. Kg2 Qe6 15. Nh4 Ne7 16. Qg4 f5 17. exf5 Nxf5 18. Nxf5 Qxf5 19. Be3 (19. Qxf5 {is interesting.} Rxf5 20. b3 g5 21. Be3 Raf8 22. a4) 19... Nc5 (19... Qf7 {is interesting.} 20. b3 c6 21. Qe2 d5 22. cxd5 cxd5 23. Bd2 Rfc8) 20. Qxf5 {The position is equal.} Rxf5 21. b3 Raf8 22. a4 (22. f4 $5) 22... Ne4 {[%cal Re4f2]} 23. f4 Nxg3 24. fxe5 Ne4 25. exd6 Nxd6 26. Rad1 R8f6 27. Rd4 (27. Bd4 $5 {[%cal Rd4f6]} Rg6+ 28. Kh2 $11) 27... h5 28. Bg1 Rg5+ 29. Kh2 Nf5 30. Rd8+ Kh7 {[#] Threatens to win with ...Nh4.} 31. Bf2 Rf7 32. Rg1 Kg6 (32... Rg6 {feels hotter.} 33. Rxg6 Kxg6 34. Rb8 c5 35. Kg2 Kg5) 33. Rxg5+ (33. Rgd1 {looks sharper.} Nd6 34. Bh4 Re5 35. Rg1+ Kh7 36. Bg3) 33... Kxg5 $11 {[%mdl 4096] Endgame KRB-KRN} 34. c5 bxc5 35. Bxc5 b6 36. Bf2 Re7 37. Rd2 Kf4 38. Kg2 g5 39. c4 Ne3+ 40. Kg1 g4 41. hxg4 hxg4 42. Bh4 Rh7 43. Rf2+ Ke4 44. Bg3 Rg7 45. Rf4+ Kd3 46. c5 bxc5 47. a5 Rg6 48. Rf7 Ra6 (48... c4 $5 {[%cal Rc4b3]} 49. Rd7+ Ke4 50. bxc4 c5 $11) 49. Rd7+ Kc2 50. Bf2 Nd1 51. Bxc5 {Threatening b4.} Rxa5 52. b4 Rb5 53. Rxc7 Kb3 {Precision: White = 69%, Black = 55%.} 1/2-1/2

[Event "Baltic Zonal 2017"]
[Site "Liepaja"]
[Date "2017.06.21"]
[Round "8"]
[White "Jankovskis, Guntis"]
[Black "Seeman, Tarvo"]
[Result "1/2-1/2"]
[WhiteElo "2310"]
[BlackElo "2411"]
[Annotator "TA"]
[PlyCount "62"]
[EventDate "2017.??.??"]
[EventType "swiss"]
[EventCountry "LAT"]
[SourceTitle "playchess.com"]
[Source "ChessBase"]
[SourceQuality "1"]

{[%evp 9,62,20,16,15,10,10,10,31,54,45,53,55,62,56,61,48,63,-4,-1,0,0,0,8,-14,-14,-14,-14,0,0,-8,-12,-13,5,5,5,5,5,5,7,0,3,0,0,0,0,0,5,0,7,0,5,0,0,0,0]} 1. e4 c5 2. Nf3 g6 3. c4 Bg7 4. d4 Qb6 5. Nc3 (5. dxc5 Qxc5 6. a3 d6 7. Be2 Bg4 8. O-O Nc6 9. b4 Qb6 10. Be3 Qd8 11. Ra2 Nf6 12. Nc3 Nd7 {½-½ (59) Grachev,B (2687)-Kulaots,K (2586) Legnica 2013}) 5... cxd4 6. Nd5 {A40: Unusual replies to 1 d4} Qa5+ 7. b4 Qd8 8. Nxd4 e6 9. Ne3 Ne7 10. Bb2 O-O 11. Qd2 d5 12. exd5 exd5 13. c5 $146 (13. Rd1 $14) ({Predecessor:} 13. Rd1 dxc4 14. Bxc4 Nbc6 15. Nxc6 Qxd2+ 16. Rxd2 Nxc6 17. Bxg7 Kxg7 {½-½ (17) Hasangatin,R (2353)-Van der Weide,K (2490) Prague 2005}) 13... Nbc6 $11 {The position is equal.} 14. Nxc6 Nxc6 15. Bxg7 Kxg7 16. Nxd5 Re8+ 17. Be2 Re5 18. Rd1 {[#] f4 is the strong threat.} Bg4 $1 19. Ne3 $132 {[%mdl 2048] White is not keeping still} Qxd2+ 20. Rxd2 Bxe2 21. Kxe2 Nxb4 22. Rb1 Na6 23. Rxb7 {Threatening c6.} Nxc5 24. Rb5 Rae8 25. Rc2 Ne4 26. Rxe5 Rxe5 {KRN-KRN} 27. Rc4 Nd6 28. Ra4 a5 29. Kd3 Rb5 30. Rd4 Nf5 31. Nxf5+ Rxf5 {Precision: White = 69%, Black = 91%.} 1/2-1/2

[Event "Baltic Zonal 2017"]
[Site "Liepaja"]
[Date "2017.06.22"]
[Round "9"]
[White "Kulaots, Kaido"]
[Black "Ladva, Ottomar"]
[Result "0-1"]
[WhiteElo "2597"]
[BlackElo "2530"]
[Annotator "TA"]
[PlyCount "78"]
[EventDate "2017.??.??"]
[EventType "swiss"]
[EventCountry "LAT"]
[SourceTitle "playchess.com"]
[Source "ChessBase"]
[SourceQuality "1"]

{[%evp 23,78,0,-11,-18,33,-12,-15,-7,-8,-2,-3,-6,-14,-19,0,-22,-2,-2,-10,-8,38,36,36,30,26,27,25,25,32,32,36,26,26,0,39,0,27,0,39,25,150,144,155,156,136,149,214,132,143,135,122,-39,-39,-96,-87,-152,-153]} 1. e4 c5 2. Nf3 e6 3. d4 cxd4 4. Nxd4 Nc6 5. Nc3 d6 6. Be2 Nf6 7. Be3 Be7 8. O-O Bd7 9. f4 O-O 10. Nb3 a6 11. a4 Na5 12. Nd2 {B85: Sicilian Scheveningen: 6 Be2 a6, lines with early Be3} (12. e5 Ne8 13. Nxa5 Qxa5 14. Qd2 Qc7 15. Bd4 Bc6 16. Qe3 dxe5 17. fxe5 g6 18. Ne4 Bxe4 19. Qxe4 Bc5 20. c3 Ng7 21. g4 Rad8 22. Kh1 Bxd4 23. cxd4 {0-1 (40) Anand,V (2788)-Ponomariov,R (2739) Moscow 2009}) 12... Rc8 {LiveBook: 7 Games} 13. Bd3 e5 (13... Nc6 $11) 14. Kh1 $146 {White is slightly better.} (14. Nd5 $5 {[%cal Re3b6]} Nxd5 15. exd5 $16) ({Predecessor:} 14. Nd5 Nxd5 15. exd5 exf4 16. Bd4 b5 17. b3 Nb7 18. axb5 axb5 19. b4 Bf6 {½-½ (54) Hagara,E (2372)-Vlcek,S (2322) Austria 2007}) 14... Ng4 15. Bg1 exf4 16. Nd5 {[#]} Ne3 $1 {[%mdl 512]} 17. Nxe3 fxe3 18. Bxe3 Bg5 19. Bg1 Be6 20. Nf3 Bf6 21. Nd4 Nc6 (21... Bxd4 $5 22. Bxd4 Nc6 $11) 22. Nxe6 fxe6 23. c3 Ne5 24. Be2 Qd7 25. Qb3 Rfe8 26. Rad1 {[%cal Ba1d1,Bd1d4,Bd4c4][%mdl 32]} Qc6 27. Qb4 Be7 28. Qb3 {Black must now prevent Bg4!} Bf6 29. Qb4 Be7 30. Qb3 {And now Bg4! would win.} Bf8 31. Rd4 Nd7 (31... g6 $11) 32. Bg4 $16 Nc5 {[#]} 33. Qa2 $1 {aiming for b4.} Kh8 34. a5 Rcd8 (34... Rb8 $16 35. Rc4 Qb5) 35. b4 Nxe4 36. Rc4 ({Resist} 36. Bxe6 Nxc3 37. Qf2 d5 $16) 36... Qd5 {Strongly threatening ...Nd2.} 37. Ra1 $2 ({White must play} 37. Qe2 $16 Nf6 38. Rc7) 37... Qe5 $1 $15 {...d5 is the strong threat.} 38. Bd4 (38. Rc7 $1 $15) 38... Qf4 $17 39. Qe2 ({White should play} 39. Bf3 d5 40. Bxe4) 39... d5 {Precision: White = 46%, Black = 44%.} 0-1

[Event "Baltic Zonal 2017"]
[Site "Liepaja"]
[Date "2017.06.22"]
[Round "9"]
[White "Kveinys, Aloyzas"]
[Black "Meskovs, Nikita"]
[Result "1/2-1/2"]
[WhiteElo "2526"]
[BlackElo "2479"]
[Annotator "TA"]
[PlyCount "43"]
[EventDate "2017.??.??"]
[EventType "swiss"]
[EventCountry "LAT"]
[SourceTitle "playchess.com"]
[Source "ChessBase"]
[SourceQuality "1"]

{[%evp 23,24,32,23]} 1. Nf3 Nf6 2. c4 e6 3. g3 b6 4. Bg2 Bb7 5. O-O Be7 6. d4 O-O 7. Nc3 Ne4 8. Nxe4 Bxe4 9. Ne1 Bxg2 10. Nxg2 d5 11. Qa4 Qd7 12. Qxd7 Nxd7 {LiveBook: 121 Games} {Predecessor:} 13. cxd5 $146 exd5 14. Bf4 c6 15. Rac1 Rac8 16. Rc2 Bf6 17. Rfc1 Bxd4 18. Rxc6 Rxc6 19. Rxc6 Bxb2 20. Rc7 Nc5 21. Rxa7 Ne6 22. Ne3 {½-½ (42) Mchedlishvili,M (2605)-Esipenko,A (2509) Minsk 2017} 1/2-1/2

[Event "Baltic Zonal 2017"]
[Site "Liepaja"]
[Date "2017.06.22"]
[Round "9"]
[White "Sulskis, Sarunas"]
[Black "Kantans, Toms"]
[Result "0-1"]
[WhiteElo "2521"]
[BlackElo "2490"]
[Annotator "TA"]
[PlyCount "80"]
[EventDate "2017.??.??"]
[EventType "swiss"]
[EventCountry "LAT"]
[SourceTitle "playchess.com"]
[Source "ChessBase"]
[SourceQuality "1"]

{[%evp 16,80,0,-11,-22,-19,0,0,0,-50,-34,-85,-91,-103,-109,-100,-67,-60,-66,-73,-68,-62,-64,-116,-102,-99,-98,-77,-88,-97,-97,-97,-97,-139,-126,-218,-146,-148,-137,-129,-39,-284,-304,-830,-779,-1414,-1265,-1114,-608,-593,-592,-600,-270,-618,-564,-532,-369,-806,-854,-879,-876,-948,-890,-6383,-3226,-12843,-12843]} 1. d4 Nf6 2. c4 g6 3. Nc3 d5 4. Nf3 Bg7 5. Bf4 O-O 6. Rc1 c5 7. dxc5 dxc4 8. e4 {[%cal Be2e4,Be4e5][%mdl 32]} Qa5 9. e5 Nh5 {D92: Grünfeld: 4 Nf3 Bg7 5 Bf4} 10. Be3 (10. Bd2 Qxc5 11. Be3 Qa5 12. Qd5 Qxd5 13. Nxd5 Nc6 14. Bxc4 Bg4 15. Bb5 Nxe5 16. Nxe7+ Kh8 17. Be2 Nxf3+ 18. Bxf3 Bxf3 19. gxf3 Bxb2 {½-½ (39) Mamedyarov,S (2743)-Lou,Y (2453) China 2015}) 10... Nc6 11. Bxc4 Bg4 {The position is equal.} 12. e6 fxe6 {Strongly threatening ...Nf4.} 13. Be2 $146 {[#]} (13. O-O $15) ({Predecessor:} 13. Qb3 Bxf3 14. gxf3 Ne5 15. Be2 Nf4 16. Bxf4 Rxf4 17. Qxb7 {1-0 (41) Ftacnik,L (2585)-Mirumian,V (2505) Czechia 1999}) 13... Nf4 $1 $17 {[%cal Rf4g2]} 14. Bxf4 Rxf4 15. Nd2 Bxe2 16. Qxe2 Nd4 17. Qe3 Raf8 18. O-O Qxc5 19. Kh1 ({White should play} 19. Rcd1 $15) 19... Qh5 {aiming for ...Bh6.} 20. Nce4 Rh4 21. h3 Qd5 22. Rc4 b5 23. Rc5 Qxa2 24. Rc7 Qd5 25. Rxa7 (25. Rc5 $17 {is a better defense.} Nf5 26. Qe2) 25... Bh6 $36 {[%mdl 2048] Black is in control.} 26. Qd3 Nc6 27. Rd7 Qf5 ({Black should try} 27... Qxd3 $17 28. Rxd3 Ne5) 28. Qe2 $2 {[#]} (28. Qc3 $1 $15 Ne5 29. Rxe7) 28... e5 $1 $19 29. Rc7 $2 (29. Nc5 Nd4 30. Rxd4 exd4 31. Nf3) 29... Nd4 {( -> ...Rxh3+!)} 30. Qe1 Rxh3+ 31. Kg1 {[#]} Rh1+ $1 {[%mdl 512]} 32. Kxh1 {And now Kg1 would win.} Qh5+ 33. Kg1 Ne2+ 34. Qxe2 Qxe2 35. Rd7 Bxd2 36. Nxd2 $2 (36. Ng3 Qc4 37. Rxd2) 36... e4 {Black is clearly winning.} 37. b4 Rf6 38. Nb3 Rd6 39. Rxe7 Rd1 40. Rxd1 Qxd1+ {Precision: White = 33%, Black = 70%.} 0-1

[Event "Baltic Zonal 2017"]
[Site "Liepaja"]
[Date "2017.06.22"]
[Round "9"]
[White "Volodin, Aleksandr"]
[Black "Garanin, Aleksei"]
[Result "1-0"]
[WhiteElo "2482"]
[BlackElo "2220"]
[Annotator "TA"]
[PlyCount "79"]
[EventDate "2017.??.??"]
[EventType "swiss"]
[EventCountry "LAT"]
[SourceTitle "playchess.com"]
[Source "ChessBase"]
[SourceQuality "1"]

{[%evp 9,79,13,66,61,61,56,50,28,39,22,14,26,53,35,35,35,40,25,42,-16,50,56,50,25,21,0,0,0,0,-2,0,-8,0,-10,0,-12,0,-7,0,-24,-2,-4,0,-19,-10,-38,-12,-29,51,42,72,73,79,68,92,0,270,277,583,370,570,391,281,177,628,603,643,680,670,636,1881,1907]} 1. d4 Nf6 2. Bg5 Ne4 3. Bf4 c5 4. f3 Nf6 5. d5 Qa5+ (5... e6 $11) (5... Qb6 6. e4 d6 7. Nd2 Nbd7 8. Nc4 Qd8 9. a4 g6 10. Bd3 Bg7 11. Ne2 O-O 12. O-O b6 13. Qd2 Ba6 {1-0 (30) Moiseenko,A (2657)-Atabayev,Y (2473) Doha 2016}) 6. Nc3 {A45: Trompowsky Attack} d6 7. e4 g6 8. Qd2 {White is slightly better.} Bg7 $146 ({Predecessor:} 8... a6 9. Nge2 b5 10. Nd1 Qb6 11. a4 Bb7 12. axb5 axb5 13. Rxa8 Bxa8 {½-½ (50) Kaunas,K (2273)-Thorfinnsson,B (2389) Reykjavik 2007}) 9. Bb5+ Nbd7 10. Nh3 a6 11. Be2 b5 12. O-O O-O 13. Nf2 (13. a4 $5 {[%cal Ra4b5]}) 13... Qc7 14. Bh6 (14. a4 $14) 14... Nb6 (14... Bxh6 $1 $11 15. Qxh6 e6) 15. Bxg7 $14 Kxg7 16. f4 e6 17. Bf3 exd5 18. Nxd5 Nfxd5 19. exd5 f5 20. Rae1 Kg8 21. Re2 Qg7 22. b3 b4 23. Rfe1 Bd7 24. a4 bxa3 {Hoping for ...Rfe8.} 25. Qa5 Rfb8 26. Qxa3 a5 27. h4 a4 28. h5 Nc8 (28... Qc3 $11) 29. bxa4 {[%cal Bb3a4,Ba4a5][%mdl 32]} Qd4 30. a5 Rb5 31. a6 Rb6 $1 32. c3 (32. hxg6 $16 hxg6 33. Bh5) 32... Qc4 $2 {[%mdl 8192] [#]} (32... Qxf4 $11 33. Nd3 Qh4) 33. Qc1 $18 Kf8 $2 (33... Rbxa6 {is more resistant.} 34. Rb2 Rb6) 34. Nh3 {[%cal Bf2h3,Bh3g5,Bg5h7,Bh7g5][%mdl 32]} Rbxa6 (34... h6 {might work better.} 35. hxg6 Rbxa6) 35. Ng5 Ra1 36. Qe3 {[#] Strongly threatening h6.} Rxe1+ $2 (36... Kg7) 37. Rxe1 {White is clearly winning.} Ra3 38. h6 Rxc3 39. Nxh7+ Kf7 40. Ng5+ {Precision: White = 45%, Black = 43%.} 1-0

[Event "Baltic Zonal 2017"]
[Site "Liepaja"]
[Date "2017.06.22"]
[Round "9"]
[White "Miezis, Normunds"]
[Black "Klabis, Rokas"]
[Result "1/2-1/2"]
[WhiteElo "2452"]
[BlackElo "2348"]
[Annotator "TA"]
[PlyCount "60"]
[EventDate "2017.??.??"]
[EventType "swiss"]
[EventCountry "LAT"]
[SourceTitle "playchess.com"]
[Source "ChessBase"]
[SourceQuality "1"]

{[%evp 27,60,0,0,0,0,-18,-24,-29,0,0,0,0,0,0,0,0,0,10,8,-6,-7,-2,0,-60,127,162,133,-29991,-29992,-29992,-29993,-29994,0,-29995,0]} 1. c4 e6 2. e4 d5 3. exd5 exd5 4. d4 Nf6 5. Nc3 Bb4 6. Nf3 O-O 7. Be2 dxc4 8. Bxc4 Nc6 9. O-O h6 10. h3 Bd6 11. Re1 Re8 {D20: Queen's Gambit Accepted: 3 e3 and 3 e4} (11... Bf5 12. a3 Re8 13. Rxe8+ Qxe8 14. Nb5 Qd7 15. Nxd6 Qxd6 16. Qb3 Be6 17. Bxe6 fxe6 18. Bf4 Qd5 19. Qxb7 Nxd4 20. Qxd5 Nxd5 21. Nxd4 Nxf4 {½-½ (59) Zvjaginsev,V (2673)-Popov,I (2596) Moscow 2016}) 12. Rxe8+ Qxe8 13. Nb5 Bf5 14. Nxd6 cxd6 {LiveBook: 3 Games} 15. Bf4 Qd7 16. a3 Be4 $146 ({Predecessor:} 16... Re8 17. Rc1 Be4 18. Nh2 Na5 19. Bf1 Nc6 20. b4 {½-½ (44) Naumkin,I (2443)-Kizov,A (2408) Ischia 2013}) 17. Be3 Nd5 18. Nd2 Nxe3 19. fxe3 d5 20. Bb5 Re8 21. Rc1 Bg6 $40 {[%mdl 128] Black is up to no good.} 22. Rc3 Re6 23. Qc1 Qe7 {Hoping for ...Nxd4!} 24. Nb3 Bf5 25. Qd2 (25. Nc5 $11 Rg6 26. Nd3) 25... Bxh3 $2 (25... Rg6 $15 {keeps the upper hand.}) 26. gxh3 $16 Rg6+ 27. Kh1 $2 {[%mdl 8192]} (27. Kf1 $16) 27... Qe4+ 28. Kh2 {[#]} Ne5 $1 29. dxe5 Qxe5+ 30. Kh1 {[#]} Qe4+ $2 {Precision: White = 37%, Black = 69%.} (30... Qg3 $1 {mates} 31. Rc8+ Kh7 32. Rh8+ Kxh8 33. Qh2 Qf3+ 34. Qg2 Qxg2#) 1/2-1/2

[Event "Baltic Zonal 2017"]
[Site "Liepaja"]
[Date "2017.06.22"]
[Round "9"]
[White "Kanep, Meelis"]
[Black "Neiksans, Arturs"]
[Result "1/2-1/2"]
[WhiteElo "2451"]
[BlackElo "2581"]
[Annotator "TA"]
[PlyCount "38"]
[EventDate "2017.??.??"]
[EventType "swiss"]
[EventCountry "LAT"]
[SourceTitle "playchess.com"]
[Source "ChessBase"]
[SourceQuality "1"]

{[%evp 21,37,3,18,10,11,9,14,12,13,10,10,14,11,14,35,26,31,31]} 1. Nf3 Nf6 2. c4 b6 3. g3 Bb7 4. Bg2 e6 5. O-O Be7 6. d4 O-O 7. Nc3 Ne4 8. Bd2 d5 9. cxd5 exd5 10. Bf4 Nd7 11. Rc1 c5 12. Nxe4 {E18: Queen's Indian: Old Main Line (4 g3 Bb7 5 Bg2 Be7 6 0-0 0-0 7 Nc3)} dxe4 13. Nd2 f5 14. b4 {[%cal Bb2b4,Bb4b5,Bb5a6][%mdl 32] Black should prevent bxc5.The position is equal.} g5 15. dxc5 {[%cal Bd4c5,Bc5c6][%mdl 32] next Bd6 is good for White.} gxf4 16. c6 Ba6 {[#] aiming for ...Nf6.} 17. b5 Nc5 (17... Bxb5 $5 {[%cal Rd7c5]} 18. Qb3+ (18. c7 Qe8 $11) 18... Rf7 19. Qxb5 (19. c7 Qe8 $11) 19... Nc5 $14) 18. bxa6 fxg3 19. hxg3 {[#]} {Predecessor:} Qd6 $146 1/2-1/2

[Event "Baltic Zonal 2017"]
[Site "Liepaja"]
[Date "2017.06.22"]
[Round "9"]
[White "Berzinsh, Roland"]
[Black "Stremavicius, Titas"]
[Result "1-0"]
[WhiteElo "2434"]
[BlackElo "2448"]
[Annotator "TA"]
[PlyCount "51"]
[EventDate "2017.??.??"]
[EventType "swiss"]
[EventCountry "LAT"]
[SourceTitle "playchess.com"]
[Source "ChessBase"]
[SourceQuality "1"]

{[%evp 21,51,27,39,34,56,43,63,72,57,71,61,47,187,197,208,210,222,215,217,220,228,196,218,208,336,288,349,363,344,367,377,371]} 1. e4 c5 2. Nf3 Nc6 3. Bb5 g6 4. Bxc6 bxc6 5. O-O Bg7 6. Re1 Nh6 {[%cal Bg8h6,Bh6f7,Bf7d6,Bd6e4][%mdl 32]} 7. c3 O-O 8. d4 cxd4 9. cxd4 d5 10. e5 {[%cal Be4e5,Be5e6][%mdl 32] B31: Sicilian: 2...Nc6 3 Bb5 g6} f6 11. h3 Nf7 {LiveBook: 9 Games} 12. e6 {White is slightly better.} Nd6 13. Nc3 $146 ({Predecessor:} 13. Qc2 Qb6 14. Nc3 Nb5 15. b3 Nxd4 16. Nxd4 Qxd4 17. Ba3 Qb6 {1-0 (36) Bologan,V (2654)-Ladva,O (2387) Tromsoe 2014}) 13... f5 14. Bf4 Ne4 15. Ne5 Bxe6 16. f3 {[%cal Bf2f3,Bf3e4,Be4d5][%mdl 32]} g5 ({Black should try} 16... Bxe5 $14 17. Bxe5 Nxc3 18. bxc3 Rf7) 17. fxe4 $18 gxf4 18. Nxc6 Qd7 19. exd5 Bf7 20. Rxe7 Qd6 21. Re5 Kh8 22. Qf3 ({Much less strong is} 22. Rxf5 $6 Bxd5 23. Rxd5 Qxc6) 22... Bxe5 (22... Rac8 $142) 23. dxe5 Qc5+ 24. Qf2 Qxf2+ 25. Kxf2 Rac8 26. Rc1 {Precision: White = 100%, Black = 54%.} 1-0

[Event "Baltic Zonal 2017"]
[Site "Liepaja"]
[Date "2017.06.22"]
[Round "9"]
[White "Krivonosov, Oleg"]
[Black "Seeman, Tarvo"]
[Result "0-1"]
[WhiteElo "2426"]
[BlackElo "2411"]
[Annotator "TA"]
[PlyCount "76"]
[EventDate "2017.??.??"]
[EventType "swiss"]
[EventCountry "LAT"]
[SourceTitle "playchess.com"]
[Source "ChessBase"]
[SourceQuality "1"]

{[%evp 9,76,79,100,71,92,72,62,55,50,48,54,52,46,50,64,40,22,-88,-8,0,-15,-16,0,-4,-6,-13,23,37,35,-33,0,-16,0,4,34,-18,-8,-17,-6,0,134,122,269,204,233,225,216,0,0,0,0,-543,-547,-543,-543,-29988,-539,-523,-540,-527,-535,-524,-527,-513,-518,-522,-487,-784,-783]} 1. Nf3 b6 2. g3 Bb7 3. Bg2 e5 4. O-O (4. e4 d6 5. d4 Nd7 6. O-O Ngf6 7. Re1 Be7 8. d5 b5 9. a3 O-O 10. Nc3 a6 11. b3 Rc8 {½-½ (44) Van Wely,L (2674)-Ernst,S (2534) Netherlands 2017}) 4... Qe7 5. c4 e4 6. Ne1 {A04: Unusual lines after 1 Nf3 and King's Indian Attack} h5 7. d3 $146 ({Predecessor:} 7. Nc3 h4 8. d3 hxg3 9. fxg3 Nf6 10. Rf4 Qc5+ 11. e3 Bd6 12. Bxe4 Nxe4 13. Nxe4 Bxe4 14. Rxe4+ {0-1 (30) Berczes,C (2368)-Csom,I (2437) Hungary 2010}) 7... h4 8. dxe4 {White is slightly better.} hxg3 9. hxg3 Nf6 10. Nc3 Qe6 {[%cal Rf6e4]} 11. Nd5 Na6 12. Nf3 Nxe4 13. Ng5 (13. Nd4 $11 {remains equal.} Qe5 14. Nf3) 13... Qh6 (13... Nxg5 $1 $17 14. Bxg5 c6) 14. Nh3 $1 $11 Qh7 15. Qd4 Nec5 16. Qe3+ Ne6 17. Qf3 Rb8 (17... c6 $5 {[%cal Rc6d5]} 18. Ndf4 Nac5 $15) 18. Rd1 Bd6 19. Be3 ({White should play} 19. a3 $14) 19... Nb4 20. Ng5 Qg6 21. Ne4 $1 $36 {[%mdl 2048] White has some pressure.} Bf8 (21... Be7 $5) 22. Bf4 (22. a3 $14 Nc2 23. Rac1 Nxe3 24. Qxe3) 22... f5 {Strongly threatening ...Nxd5.} 23. Nec3 Nxd5 24. Nxd5 Bc5 (24... Kf7 $11 {keeps the balance.}) 25. Bxc7 $16 Ng5 (25... Rc8 $16) 26. Qf4 Rc8 27. Qe5+ $1 Kf8 {[#]} 28. Nf4 $2 ({Better is} 28. Bd6+ $1 $18 {[%mdl 512]} Bxd6 29. Nf4 Nh3+ 30. Bxh3 Rxh3 31. Nxg6+ Kg8 32. Qd5+ (32. Ne7+ Kh8 $16) 32... Bxd5 33. Rxd5) 28... Qh7 $11 29. Bd6+ Kg8 {( -> ...Qh1+!)} 30. Bd5+ $2 {[%mdl 8192] [#]} (30. Nd5 $1 $11 Nf7 31. Ne7+ Kf8 32. Ng6+ Kg8 33. Ne7+ Kf8 34. Ng6+ Kg8 35. Ne7+) 30... Nf7 $1 $19 31. Bxf7+ Kxf7 {[%csl Gb7,Gh8][%cal Rh7h1]} 32. Qe7+ Kg8 {[%csl Gb7,Gh8][%cal Rh7h1]} 33. Qh4 {Black is clearly winning.} Qxh4 34. gxh4 Rxh4 {[%csl Gb7][%cal Rh4h1]} 35. Ng2 Rg4 36. Bxc5 {f3 is the strong threat.} Rxg2+ ({Not} 36... bxc5 37. f3 $14) 37. Kf1 Rxc5 38. Rxd7 (38. Rac1 $142 Rh2 39. Ke1) 38... Rh2 {Precision: White = 65%, Black = 57%.} 0-1

[Event "Baltic Zonal 2017"]
[Site "Liepaja"]
[Date "2017.06.22"]
[Round "9"]
[White "Krupenski, Juri"]
[Black "Brazdzionis, Andrius"]
[Result "1-0"]
[WhiteElo "2417"]
[BlackElo "2335"]
[Annotator "TA"]
[PlyCount "87"]
[EventDate "2017.??.??"]
[EventType "swiss"]
[EventCountry "LAT"]
[SourceTitle "playchess.com"]
[Source "ChessBase"]
[SourceQuality "1"]

{[%evp 11,87,16,24,18,25,0,0,7,-1,-3,56,56,51,45,63,61,64,59,93,62,67,64,69,64,92,40,55,44,121,127,146,141,191,175,202,192,250,250,254,241,275,243,235,212,191,187,187,171,177,127,130,93,272,281,273,257,248,220,319,306,570,579,533,476,828,361,1027,1063,29995,29996,29997,29991,29992,29993,29993,29994,29994,29995]} 1. d4 e6 2. c4 f5 3. g3 Nf6 4. Bg2 Be7 5. Nc3 O-O 6. Nh3 d6 7. Nf4 {A91: Classical Dutch: Early Deviations} c6 (7... e5 8. dxe5 dxe5 9. Qxd8 Bxd8 10. Ne6 Re8 11. Nxd8 Rxd8 12. Bg5 c6 13. f4 exf4 14. Bxf6 gxf6 15. gxf4 {1-0 (50) Halkias,S (2561)-Williams,S (2515) Al Ain 2012}) 8. d5 e5 9. dxc6 {The position is equal.} bxc6 {[#]} 10. Nfd5 $1 {[%mdl 512]} Be6 (10... Nxd5 $11 11. Nxd5 Be6) (10... cxd5 11. Bxd5+) 11. Nxe7+ $14 Qxe7 12. b3 $36 {[%mdl 2048] White fights for an advantage.} e4 13. O-O $146 ({Predecessor:} 13. Ba3 c5 14. O-O Nc6 {½-½ (25) Vanheirzeele,D (2142)-Goossens,F (2049) Belgium 2016}) 13... Rd8 14. Ba3 Qd7 15. Na4 Na6 16. Qd2 d5 17. cxd5 cxd5 18. Nc5 ({Better is} 18. Rac1 $16) 18... Nxc5 19. Bxc5 Qf7 (19... d4 $14) 20. Bd4 $16 Rf8 21. Rac1 Rad8 22. Rc6 Nh5 23. e3 Nf6 (23... g5 $142 24. Bb2 Rfe8) 24. Qa5 Rd7 {[%cal Bd8d7,Bd7e7,Be7e6,Be6g6][%mdl 32]} 25. Rfc1 g5 26. Qa6 Re8 27. Rc8 Rde7 28. Rxe8+ Nxe8 29. Qa3 f4 30. gxf4 gxf4 31. exf4 Bg4 $2 (31... Ng7 $16 {is a better defense.} 32. Qd6 Nf5 33. Qd8+ Qe8 34. Qxe8+ Rxe8 35. Bxa7 Nh4) 32. Rc3 $18 {[#] Rg3 is the strong threat.} Re6 33. Rg3 ({But not} 33. Qxa7 $6 Qxa7 34. Bxa7 Rg6 $18) 33... Rg6 34. Qxa7 Qxf4 (34... Qxa7 $142 35. Bxa7 Ng7) 35. Qa8 Qc1+ $2 (35... Qf7 36. h3 Be6) 36. Bf1 {[%cal Ra8e8]} Kf8 37. Qxd5 Nd6 (37... Rg5 $142 38. Qxe4 Bh3 39. Bc5+ Qxc5 40. Qf4+ Rf5 41. Qh6+ Ke7 42. Qxh7+ Kd8 43. Qh4+ (43. Qxh3 Qxf2+ 44. Kh1 Qxf1+ 45. Qxf1 Rxf1+ 46. Kg2 Ra1 $11) 43... Nf6 44. Rxh3 Qe5 45. Rd3+ Kc7 46. Qc4+ Qc5 47. Qf7+ Kb6 48. Qe6+ Kc7) 38. Be3 (38. Bc5 $142 Qf4 39. h3) 38... Qb1 $2 (38... Qd1 39. Qxd1 Bxd1) 39. Bc5 {[%cal Be3c5,Bc5d6,Bd6e5][%mdl 32]} Be2 40. Bxd6+ {White mates.} Kg7 41. Be5+ Kf8 42. Qd8+ Kf7 43. Qd7+ Kf8 44. Bd6+ {Precision: White = 70%, Black = 25%.} 1-0

[Event "Baltic Zonal 2017"]
[Site "Liepaja"]
[Date "2017.06.22"]
[Round "9"]
[White "Shishkov, Andrei"]
[Black "Malisauskas, Vidmantas"]
[Result "1-0"]
[WhiteElo "2377"]
[BlackElo "2417"]
[Annotator "TA"]
[PlyCount "23"]
[EventDate "2017.??.??"]
[EventType "swiss"]
[EventCountry "LAT"]
[SourceTitle "playchess.com"]
[Source "ChessBase"]
[SourceQuality "1"]

{[%evp 1,1,24]} 1. d4 {Predecessor:} Nf6 $146 2. Bf4 d5 3. Nc3 a6 4. e3 e6 5. g4 c5 6. g5 Nfd7 7. Nf3 Nc6 8. a3 b5 9. h4 Bb7 10. h5 Nb6 11. Ne5 Nxe5 12. Bxe5 {1-0 (26) Carlsen,M (2832)-Caruana,F (2808) Stavanger 2017} 1-0